[Event "GER-ch Seniors 65 31st"]
[Site "Radebeul"]
[Date "2019.04.29"]
[Round "4"]
[White "Lekakh, Mikhail"]
[Black "Molzahn, Norbert"]
[Result "1-0"]
[WhiteElo "1841"]
[BlackElo "2068"]
[PlyCount "95"]
[EventDate "2019.04.26"]
[EventType "swiss"]
[EventRounds "9"]
[EventCountry "GER"]
[SourceTitle "CBM 190 Extra"]
[Source "ChessBase"]
[SourceDate "2019.07.15"]
[SourceVersion "1"]
[SourceVersionDate "2019.07.15"]
[SourceQuality "1"]

1. e4 c5 2. Nf3 Nc6 3. Bb5 g6 4. Bxc6 bxc6 5. 0-0 Bg7 6. d3 Nf6 7. Bd2 Rb8 8. Bc3 0-0 9. b3 d6 10. h3 e5 11. Nbd2 Nh5 12. Nh2 Nf4 13. Ndf3 h6 14. Bd2 Be6 15. Re1 Qd7 16. Bxf4 exf4 17. Rb1 d5 18. e5 g5 19. Nd2 a5 20. a4 Rfd8 21. Qe2 Qc7 22. Ng4 Bf5 23. Nf3 Re8 24. Qd2 Re6 25. Qc3 Qa7 26. d4 Rbe8 27. dxc5 Bxg4 28. hxg4 Qc7 29. Kf1 Bxe5 30. Nxe5 Rxe5 31. Rxe5 Rxe5 32. Re1 f6 33. Rxe5 fxe5 34. Qd3 e4 35. Qc3 Qd8 36. Qe5 Qf8 37. Qe6+ Kh8 38. Qxc6 f3 39. Qxd5 fxg2+ 40. Kg1 Qf4 41. Qf5 Qc1+ 42. Kxg2 Qxc2 43. Qf8+ Kh7 44. Qf7+ Kh8 45. Qc4 Qd1 46. Qxe4 Qxb3 47. c6 Qf7 48. Qd4+ 1-0

[Event "GER-ch Seniors 65"]
[Site "Hamburg"]
[Date "2018.07.26"]
[Round "6"]
[White "Lekakh, Mikhail"]
[Black "Frackowiak, Stanislaw"]
[Result "1-0"]
[WhiteElo "1852"]
[BlackElo "1647"]
[PlyCount "41"]
[EventDate "2018.07.21"]
[EventType "swiss"]
[EventRounds "9"]
[EventCountry "GER"]
[SourceTitle "CBM 186 Extra"]
[Source "ChessBase"]
[SourceDate "2018.08.24"]
[SourceVersion "1"]
[SourceVersionDate "2018.08.24"]
[SourceQuality "1"]

1. e4 c5 2. Nf3 Nc6 3. Bb5 e6 4. Bxc6 bxc6 5. e5 Ne7 6. 0-0 Ng6 7. d3 Be7 8. Bd2 0-0 9. Bc3 f6 10. Nbd2 fxe5 11. Nxe5 Nxe5 12. Bxe5 d6 13. Bc3 Rf5 14. b3 e5 15. Ne4 Be6 16. Re1 Bd5 17. Ng3 Rf6 18. Bd2 Qd7 19. Bc1 Qg4 20. c4 Re6 21. f4 1-0

[Event "GER-ch Seniors 65"]
[Site "Hamburg"]
[Date "2018.07.24"]
[Round "4"]
[White "Lekakh, Mikhail"]
[Black "Maahs, Erich"]
[Result "0-1"]
[WhiteElo "1852"]
[BlackElo "2047"]
[PlyCount "48"]
[EventDate "2018.07.21"]
[EventType "swiss"]
[EventRounds "9"]
[EventCountry "GER"]
[SourceTitle "CBM 186 Extra"]
[Source "ChessBase"]
[SourceDate "2018.08.24"]
[SourceVersion "1"]
[SourceVersionDate "2018.08.24"]
[SourceQuality "1"]

1. e4 d5 2. e5 c5 3. Bb5+ Bd7 4. Bxd7+ Qxd7 5. f4 e6 6. Nf3 Nc6 7. a4 Nge7 8. Nc3 Nf5 9. Ne2 d4 10. d3 Be7 11. Bd2 Qd5 12. 0-0 h5 13. Qe1 h4 14. h3 0-0-0 15. Qf2 f6 16. c4 dxc3 17. Bxc3 Qxd3 18. Rfd1 Qe3 19. Qxe3 Nxe3 20. Rxd8+ Kxd8 21. exf6 gxf6 22. Kf2 Nd5 23. Rg1 Kd7 24. Rd1 Rh5 0-1

[Event "GER-ch Seniors 65"]
[Site "Hamburg"]
[Date "2018.07.23"]
[Round "3"]
[White "Schwenn, Peter"]
[Black "Lekakh, Mikhail"]
[Result "1/2-1/2"]
[WhiteElo "1551"]
[BlackElo "1852"]
[PlyCount "51"]
[EventDate "2018.07.21"]
[EventType "swiss"]
[EventRounds "9"]
[EventCountry "GER"]
[SourceTitle "CBM 186 Extra"]
[Source "ChessBase"]
[SourceDate "2018.08.24"]
[SourceVersion "1"]
[SourceVersionDate "2018.08.24"]
[SourceQuality "1"]

1. e4 c6 2. d4 d5 3. Nc3 dxe4 4. Nxe4 Bf5 5. Ng3 Bg6 6. Nf3 Nd7 7. h4 h6 8. h5 Bh7 9. Bd3 Bxd3 10. Qxd3 Ngf6 11. Qe2 e6 12. Bd2 Be7 13. 0-0-0 a5 14. Ne5 Qc7 15. Bf4 Nd5 16. Bd2 Nxe5 17. Qxe5 Qxe5 18. dxe5 b5 19. a3 0-0 20. Ne4 b4 21. a4 Nb6 22. b3 Nd5 23. Be1 c5 24. c4 bxc3 25. Nxc3 Nxc3 26. Bxc3 1/2-1/2

[Event "GER-ch Seniors 65"]
[Site "Hamburg"]
[Date "2018.07.21"]
[Round "1"]
[White "Nekrasov, Mihail"]
[Black "Lekakh, Mikhail"]
[Result "1-0"]
[WhiteElo "2305"]
[BlackElo "1852"]
[PlyCount "75"]
[EventDate "2018.07.21"]
[EventType "swiss"]
[EventRounds "9"]
[EventCountry "GER"]
[SourceTitle "CBM 186 Extra"]
[Source "ChessBase"]
[SourceDate "2018.08.24"]
[SourceVersion "1"]
[SourceVersionDate "2018.08.24"]
[SourceQuality "1"]

1. e4 c6 2. Nf3 d5 3. Nc3 Bg4 4. h3 Bh5 5. exd5 cxd5 6. g4 Bg6 7. Bb5+ Nc6 8. Ne5 Rc8 9. d4 a6 10. Bxc6+ bxc6 11. h4 f6 12. Nxg6 hxg6 13. Qd3 Kf7 14. h5 gxh5 15. gxh5 Nh6 16. Qxa6 e6 17. Bxh6 Rxh6 18. 0-0-0 Bd6 19. Kb1 e5 20. Ne2 e4 21. c4 f5 22. cxd5 cxd5 23. Qb7+ Be7 24. Nf4 Rd6 25. Ng6 Rc7 26. Qb3 Rc8 27. Qh3 Rb8 28. Nxe7 Kxe7 29. Qxf5 Rf6 30. Qe5+ Kf7 31. Rd2 Qd6 32. Qg5 Rh8 33. Rg1 Rh7 34. Rc1 Rfh6 35. Qf5+ Ke7 36. Rdc2 Rxh5 37. Rc7+ Ke8 38. Qf7+ 1-0

[Event "GER-chB Seniors 29th"]
[Site "Berlin"]
[Date "2017.08.16"]
[Round "9"]
[White "Ackermann, Hans Christian"]
[Black "Lekakh, Mikhail"]
[Result "1/2-1/2"]
[WhiteElo "1777"]
[BlackElo "1885"]
[PlyCount "88"]
[EventDate "2017.08.07"]
[EventType "swiss"]
[EventRounds "9"]
[EventCountry "GER"]
[SourceTitle "EXT 2019"]
[Source "ChessBase"]
[SourceDate "2018.10.10"]
[SourceVersion "1"]
[SourceVersionDate "2018.10.10"]
[SourceQuality "1"]

1. e4 c6 2. d4 d5 3. e5 Bf5 4. Bd3 Bxd3 5. Qxd3 e6 6. Ne2 a6 7. 0-0 Ne7 8. Ng3 g6 9. c3 Nf5 10. Nxf5 gxf5 11. Qh3 h5 12. Nd2 Be7 13. f4 Nd7 14. Nf3 Nf8 15. Ng5 Ng6 16. Qf3 Bf8 17. h3 h4 18. Be3 Qd7 19. Rac1 Ne7 20. Qf2 Ng6 21. Rc2 Be7 22. Nf3 0-0-0 23. c4 dxc4 24. Rxc4 Rdg8 25. Rfc1 Bd8 26. a4 Ne7 27. b4 Nd5 28. b5 axb5 29. axb5 Bc7 30. bxc6 bxc6 31. Rxc6 Kd8 32. Qe1 Ke7 33. R1c2 Rc8 34. Bc1 Kf8 35. Nxh4 Rg8 36. Ba3+ Kg7 37. Qd2 Bb6 38. R6c4 Rxc4 39. Rxc4 Rc8 40. Rc1 Rxc1+ 41. Bxc1 Qb5 42. Nf3 Qb1 43. Kh2 Qe4 44. Kg3 Kg6 1/2-1/2

[Event "GER-chB Seniors 29th"]
[Site "Berlin"]
[Date "2017.08.08"]
[Round "1"]
[White "Hesselbarth, Karlheinz"]
[Black "Lekakh, Mikhail"]
[Result "1/2-1/2"]
[WhiteElo "1718"]
[BlackElo "1885"]
[PlyCount "60"]
[EventDate "2017.08.07"]
[EventType "swiss"]
[EventRounds "9"]
[EventCountry "GER"]
[SourceTitle "EXT 2019"]
[Source "ChessBase"]
[SourceDate "2018.10.10"]
[SourceVersion "1"]
[SourceVersionDate "2018.10.10"]
[SourceQuality "1"]

1. d4 Nf6 2. c4 e6 3. Nc3 Bb4 4. e3 b6 5. Nf3 Bxc3+ 6. bxc3 Bb7 7. Bd3 Ne4 8. Qc2 f5 9. 0-0 d6 10. Nd2 Nxd2 11. Bxd2 Qh4 12. f3 0-0 13. e4 f4 14. e5 dxe5 15. dxe5 c5 16. Rae1 Nc6 17. Be4 Rab8 18. Re2 Na5 19. g3 Qh5 20. Bxf4 Nxc4 21. Bxb7 Rxb7 22. Qe4 Na5 23. Rd1 g5 24. g4 Qf7 25. Bxg5 Qxf3 26. Qxf3 Rxf3 27. Rd6 Kf7 28. Kg2 Rxc3 29. h4 h6 30. Rf2+ Kg8 1/2-1/2

[Event "GER-chB Seniors 28th"]
[Site "Niederhausen"]
[Date "2016.08.13"]
[Round "1"]
[White "Berger, Volkmar"]
[Black "Lekakh, Mikhail"]
[Result "1/2-1/2"]
[WhiteElo "1743"]
[BlackElo "1896"]
[PlyCount "57"]
[EventDate "2016.08.13"]
[EventType "swiss"]
[EventRounds "9"]
[EventCountry "GER"]
[SourceTitle "EXT 2019"]
[Source "ChessBase"]
[SourceDate "2018.10.10"]
[SourceVersion "1"]
[SourceVersionDate "2018.10.10"]
[SourceQuality "1"]

1. d4 Nf6 2. c4 e6 3. Nc3 Bb4 4. Bd2 b6 5. Nf3 Bb7 6. e3 Bxc3 7. Bxc3 Ne4 8. Be2 Nxc3 9. bxc3 0-0 10. 0-0 d6 11. Nd2 f5 12. Bf3 Bxf3 13. Qxf3 Nd7 14. e4 f4 15. Qh3 Qe7 16. e5 dxe5 17. Rfe1 Rae8 18. a4 a5 19. Re4 Rf5 20. Rae1 Qf7 21. c5 bxc5 22. Nc4 exd4 23. cxd4 cxd4 24. Rxd4 e5 25. Rde4 g6 26. Qc3 Qd5 27. Nxa5 Nf6 28. Qc4 Qxc4 29. Rxc4 1/2-1/2

[Event "GER-chB Seniors 27th"]
[Site "Magdeburg"]
[Date "2015.08.21"]
[Round "7"]
[White "Lekakh, Mikhail"]
[Black "Bars, Joachim"]
[Result "1/2-1/2"]
[WhiteElo "1898"]
[BlackElo "1945"]
[PlyCount "42"]
[EventDate "2015.08.15"]
[EventType "swiss"]
[EventRounds "9"]
[EventCountry "GER"]
[SourceTitle "EXT 2018"]
[Source "ChessBase"]
[SourceDate "2017.10.13"]
[SourceVersion "1"]
[SourceVersionDate "2017.10.13"]
[SourceQuality "1"]

1. e4 c6 2. d4 d5 3. exd5 cxd5 4. h3 Bf5 5. Bb5+ Nc6 6. Bxc6+ bxc6 7. Nf3 e6 8. 0-0 Bd6 9. c3 Qc7 10. Re1 h6 11. Nbd2 Nf6 12. Nf1 0-0 13. b3 c5 14. Ne3 Be4 15. Bb2 c4 16. b4 Nd7 17. a4 a5 18. b5 Nb6 19. Ba3 Rfe8 20. Bxd6 Qxd6 21. Ne5 f6 1/2-1/2

[Event "GER-chB Seniors 27th"]
[Site "Magdeburg"]
[Date "2015.08.19"]
[Round "5"]
[White "Gebuhr, Guenter"]
[Black "Lekakh, Mikhail"]
[Result "1-0"]
[WhiteElo "1960"]
[BlackElo "1898"]
[PlyCount "119"]
[EventDate "2015.08.15"]
[EventType "swiss"]
[EventRounds "9"]
[EventCountry "GER"]
[SourceTitle "EXT 2018"]
[Source "ChessBase"]
[SourceDate "2017.10.13"]
[SourceVersion "1"]
[SourceVersionDate "2017.10.13"]
[SourceQuality "1"]

1. e4 c6 2. d4 d5 3. Nc3 dxe4 4. Nxe4 Bf5 5. Ng3 Bg6 6. h4 h6 7. Nf3 Nd7 8. h5 Bh7 9. Bd3 Bxd3 10. Qxd3 Ngf6 11. Bd2 e6 12. Qe2 Bd6 13. Nf5 Bf8 14. 0-0-0 Qb6 15. Rh3 Qb5 16. Qxb5 cxb5 17. Ne3 Bd6 18. Be1 Nb6 19. Ne5 Bxe5 20. dxe5 Nfd5 21. Nxd5 Nxd5 22. Rg3 0-0 23. Rd4 Kh7 24. Rdg4 Rg8 25. Rb3 a6 26. a4 Rgd8 27. Rd4 g5 28. hxg6+ fxg6 29. axb5 a5 30. Rbd3 Re8 31. c4 Nb6 32. b3 g5 33. Rd6 Nc8 34. Rd7+ Kg6 35. Rxb7 h5 36. Rdd7 Kf5 37. Bc3 h4 38. f3 Kf4 39. Rd4+ Kf5 40. Rf7+ Kg6 41. Rf6+ Kh5 42. Rd7 Ra7 43. Rxa7 Nxa7 44. Bxa5 g4 45. fxg4+ Kxg4 46. Be1 Kg5 47. Bf2 Nc8 48. c5 Na7 49. b6 Nc6 50. Rf7 Nxe5 51. Be3+ Kg6 52. Rc7 Kf5 53. b7 Rb8 54. Bd4 Nd3+ 55. Kd2 Nf4 56. c6 Rg8 57. Rg7 Rb8 58. c7 Rxb7 59. c8Q Rxg7 60. Bxg7 1-0

[Event "GER-chB Seniors 26th"]
[Site "Bad Neuenahr"]
[Date "2014.08.05"]
[Round "1"]
[White "Johnen, Franz"]
[Black "Lekakh, Mikhail"]
[Result "1/2-1/2"]
[WhiteElo "1719"]
[BlackElo "1918"]
[PlyCount "35"]
[EventDate "2014.08.05"]
[EventType "swiss"]
[EventRounds "9"]
[EventCountry "GER"]
[SourceTitle "EXT 2018"]
[Source "ChessBase"]
[SourceDate "2017.10.13"]
[SourceVersion "1"]
[SourceVersionDate "2017.10.13"]
[SourceQuality "1"]

1. d4 Nf6 2. c4 e6 3. Nc3 Bb4 4. Bd2 0-0 5. a3 Bxc3 6. Bxc3 d5 7. e3 Ne4 8. Bb4 Re8 9. Nf3 a5 10. Bd2 Nd7 11. Be2 b6 12. 0-0 Ba6 13. Rc1 Rc8 14. cxd5 Bxe2 15. Qxe2 exd5 16. Rc2 Re6 17. Rfc1 c6 18. b4 1/2-1/2

[Event "GER-ch Seniors"]
[Site "Dresden"]
[Date "2012.08.14"]
[Round "6"]
[White "Fischer, Paul"]
[Black "Lekakh, Mikhail"]
[Result "1/2-1/2"]
[WhiteElo "1900"]
[BlackElo "1761"]
[PlyCount "115"]
[EventDate "2012.08.09"]
[EventType "swiss"]
[EventRounds "9"]
[EventCountry "GER"]
[SourceTitle "EXT 2014"]
[Source "ChessBase"]
[SourceDate "2013.11.20"]
[SourceVersion "1"]
[SourceVersionDate "2013.11.20"]
[SourceQuality "1"]

1. Nc3 e5 2. Nf3 Nc6 3. d4 exd4 4. Nxd4 Nxd4 5. Qxd4 Qf6 6. Qa4 c6 7. Bf4 d5 8. Nxd5 Qxb2 9. Nc7+ Ke7 10. Rd1 Qc3+ 11. Bd2 Qe5 12. Nxa8 Nf6 13. Qf4 Qxf4 14. Bxf4 Nd5 15. Bg3 Kf6 16. Rd3 Bf5 17. Nc7 Bb4+ 18. Kd1 Nc3+ 19. Kc1 Bxd3 20. exd3 h5 21. d4 Ba3+ 22. Kd2 Ne4+ 23. Ke3 Nxg3 24. hxg3 Bd6 25. Na6 bxa6 26. Bxa6 g6 27. Rb1 Rb8 28. Rxb8 Bxb8 29. Bb7 c5 30. dxc5 Ke6 31. f4 f6 32. c4 g5 33. Bc8+ Ke7 34. Ke4 h4 35. fxg5 fxg5 36. gxh4 gxh4 37. a4 a5 38. Bg4 Kd8 39. c6 Bg3 40. Kd5 Kc7 41. Kc5 Bf2+ 42. Kb5 Be1 43. Bd7 Bd2 44. Kc5 Be1 45. Kd5 Bf2 46. Ke4 Be1 47. Kf3 Bg3 48. Kg4 Be1 49. Kf3 Kd8 50. Ke2 Bg3 51. Kd3 Kc7 52. c5 Bf2 53. Kc4 Be1 54. Kb5 Bd2 55. Ka6 Be1 56. Ka7 Bd2 57. Ka6 Be1 58. Be8 1/2-1/2

[Event "GER-ch Seniors"]
[Site "Dresden"]
[Date "2012.08.13"]
[Round "5"]
[White "Lekakh, Mikhail"]
[Black "Fritsch, Wolfgang"]
[Result "1/2-1/2"]
[WhiteElo "1761"]
[BlackElo "1854"]
[PlyCount "22"]
[EventDate "2012.08.09"]
[EventType "swiss"]
[EventRounds "9"]
[EventCountry "GER"]
[SourceTitle "EXT 2014"]
[Source "ChessBase"]
[SourceDate "2013.11.20"]
[SourceVersion "1"]
[SourceVersionDate "2013.11.20"]
[SourceQuality "1"]

1. e4 e5 2. Nf3 Nf6 3. Nc3 Nc6 4. h3 Bb4 5. d3 d5 6. exd5 Nxd5 7. Bd2 0-0 8. a3 Nxc3 9. Bxc3 Bxc3+ 10. bxc3 Re8 11. Nd2 Qd5 1/2-1/2

[Event "GER-ch Seniors"]
[Site "Dresden"]
[Date "2012.08.12"]
[Round "4"]
[White "Reichel, Rolf"]
[Black "Lekakh, Mikhail"]
[Result "1/2-1/2"]
[WhiteElo "1795"]
[BlackElo "1761"]
[PlyCount "63"]
[EventDate "2012.08.09"]
[EventType "swiss"]
[EventRounds "9"]
[EventCountry "GER"]
[SourceTitle "EXT 2014"]
[Source "ChessBase"]
[SourceDate "2013.11.20"]
[SourceVersion "1"]
[SourceVersionDate "2013.11.20"]
[SourceQuality "1"]

1. e4 c6 2. Nc3 d5 3. e5 d4 4. Ne4 Bf5 5. Ng3 Bg6 6. f4 e6 7. Nf3 a6 8. d3 Nh6 9. Be2 Nf5 10. 0-0 Nxg3 11. hxg3 Bh5 12. Ng5 Bxe2 13. Qxe2 g6 14. Bd2 Nd7 15. Kf2 Be7 16. Ne4 Qb6 17. a4 a5 18. g4 Nc5 19. Nf6+ Bxf6 20. exf6 Qxb2 21. f5 Qxc2 22. fxe6 Nxe6 23. Rfc1 Qb3 24. Rab1 Qd5 25. Rxb7 0-0 26. Rh1 Rfe8 27. Re7 Rxe7 28. fxe7 Re8 29. Rb1 h5 30. gxh5 gxh5 31. Rh1 Qf5+ 32. Kg1 1/2-1/2

[Event "GER-ch Seniors"]
[Site "Dresden"]
[Date "2012.08.11"]
[Round "3"]
[White "Lekakh, Mikhail"]
[Black "Frenzel, Lothar"]
[Result "1-0"]
[WhiteElo "1761"]
[BlackElo "1807"]
[PlyCount "63"]
[EventDate "2012.08.09"]
[EventType "swiss"]
[EventRounds "9"]
[EventCountry "GER"]
[SourceTitle "EXT 2014"]
[Source "ChessBase"]
[SourceDate "2013.11.20"]
[SourceVersion "1"]
[SourceVersionDate "2013.11.20"]
[SourceQuality "1"]

1. e4 c5 2. Nf3 d6 3. Bb5+ Bd7 4. Bxd7+ Nxd7 5. b3 Ngf6 6. d3 g6 7. Bb2 Bg7 8. a4 0-0 9. Nbd2 Qa5 10. 0-0 Nxe4 11. Bxg7 Nxd2 12. Bxf8 Nxf1 13. Bxe7 Nxh2 14. Nxh2 Qc7 15. Bh4 Ne5 16. Bg3 Re8 17. Bxe5 dxe5 18. Qd2 Kg7 19. Ng4 Qe7 20. Re1 f6 21. Ne3 Qd7 22. Kf1 Qd4 23. Qa5 e4 24. Qc7+ Kh6 25. Qh2+ Kg7 26. Qc7+ Kh6 27. Qf4+ Kg7 28. Rd1 exd3 29. Qc7+ Kh6 30. Rxd3 Qa1+ 31. Rd1 Qe5 32. Ng4+ 1-0